000 00477nam a22001817a 4500
003 MPLRDC
005 20220104144458.0
008 210129b ||||| |||| 00| 0 eng d
020 _a7-5075-0950-8
082 _a782.886 JJS-27 v.1
100 _a何虎生 主编
245 _a蒋介石宋美龄在台湾的日子. 上册
_c
250 _a一版一刷
260 _a
_b华文出版社
_c1999
300 _b
650 _a蒋介石传记
942 _cBK
_o782.886 JJS-27 v.1
999 _c50018
_d50008